|
|
|
|
| LEADER |
01324nam a2200349 a 4500 |
| 001 |
33645 |
| 003 |
BD-DhAAL |
| 005 |
20211207114519.0 |
| 008 |
180801t2012 nyua b 001 0 eng d |
| 999 |
|
|
|c 39439
|d 39439
|
| 010 |
|
|
|a 2011027347
|
| 020 |
|
|
|a 9781614708988 (hardcover)
|
| 040 |
|
|
|a DLC
|c DLC
|d DLC
|d BD-DhAAL
|
| 042 |
|
|
|a pcc
|
| 050 |
0 |
0 |
|a HD4904.7
|b .H85834 2012
|
| 082 |
0 |
0 |
|a 658.3
|2 23
|
| 245 |
0 |
0 |
|a Human capital and resources :
|b developments, management and strategies /
|c edited by Michael F. Rizzo and Andrea Gallo
|
| 260 |
|
|
|a Hauppauge, N.Y. :
|b Nova Science Publisher's,
|c c2012.
|
| 300 |
|
|
|a xi, 210 pages :
|b illustrations ;
|c 27 cm.
|
| 490 |
0 |
|
|a Economic issues, problems and prespectives
|
| 490 |
0 |
|
|a Global economic studies
|
| 504 |
|
|
|a Includes bibliographical references and index.
|
| 526 |
|
|
|a ESS
|
| 541 |
|
|
|a Karim International
|e 33645
|
| 650 |
|
0 |
|a Human capital.
|9 27645
|
| 650 |
|
0 |
|a Economics.
|9 43491
|
| 650 |
|
0 |
|a Personnel management.
|9 27646
|
| 700 |
1 |
|
|a Rizzo, Michael F.
|9 27647
|
| 700 |
1 |
|
|a Gallo, Andrea I.
|9 27648
|
| 852 |
|
|
|a Ayesha Abed Library
|c General Stacks
|
| 942 |
|
|
|2 ddc
|c BK
|
| 952 |
|
|
|0 0
|1 0
|2 ddc
|4 0
|6 658_300000000000000_HUM
|7 0
|9 64118
|a BRACUL
|b BRACUL
|c GEN
|d 2018-07-29
|e Karim International
|g 8370.00
|l 0
|o 658.3 HUM
|p 3010033645
|r 2018-07-29
|t 1
|v 8370.00
|w 2018-07-29
|y BK
|